000
00292 a2200133 4500
001
59354
082
_a
174.962 MAR
090
_c
36380
_d
36380
100
_a
Martin Mike W
245
_a
Ethics in engineering, 4/e
250
_a
4
260
_a
USA
_b
McGraw Hill
_c
2005
300
_a
352 p.
942
_a
NUST-CAE
_k
174.962 MAR
999
_c
294427
_d
294427